الرحلة الحجازية لولى النعم الحاج عباس حلمى باشا الثانى خديوى مصر / (Record no. 66655)
[ view plain ]
| 000 -الفاتح | |
|---|---|
| حقل البيانات ثابتة الطول | 00962nam a22002297a 4500 |
| 005 - وقت وتاريخ اخر تعامل مع التسجيلة | |
| رقم الضبط | 20240530110931.0 |
| 008 - عناصر البيانات ثابتة الطول - معلومات عامة | |
| حقل البيانات ثابتة الطول | 220214s2008 ua a g 000 0 ara d |
| 017 ## - رقم الايداع القانونى | |
| المصدر ( الهيئة المختصة) | مصر. دار الكتب |
| رقم الايداع القانونى | 2008/16336 |
| 020 ## - الرقم الدولى المعيارى للكتب | |
| الرقم الدولى المعيارى للكتاب | 9771805762 |
| 040 ## - مصدر الفهرسة | |
| وكالة الفهرسة الأصلية | EG-CaGPL |
| وكالة النسخ | EG-CaGPL |
| 082 04 - رقم تصنيف ديوى العشرى | |
| رقم الطبعة | 21 |
| رقم التصنيف | 915.31\ |
| رقم المادة | م ر |
| 100 0# - المدخل الرئيسى - إسم شخصى | |
| الإسم الشخصى | محمد لبيب البتنونى |
| 245 12 - بيان العنوان | |
| العنوان | الرحلة الحجازية لولى النعم الحاج عباس حلمى باشا الثانى خديوى مصر / |
| بيان المسئوليه,etc | محمد لبيب البتنونى ؛ تصدير محمد صابر عرب |
| 250 ## - بيان الطبعة | |
| بيان الطبعة | ط. 3 |
| 260 ## - PUBLICATION, DISTRIBUTION, ETC. (IMPRINT) | |
| تاريخ النشر أو التوزيع | 2008 |
| 300 ## - الوصف المادى | |
| التعداد | 334 ص. ؛ |
| أبعاد الوعاء | 30 سم |
| 600 0# - المدخل الاضافى بالموضوع-اسم شخصى | |
| الإسم الشخصى | عباس حلمى الثانى |
| 651 07 - المدخل الاضافى بالموضوع - اسم جغرافى | |
| الاسم الجغرافي | الحجاز |
| التقسيم الفرعي العام | وصف ورحلات |
| 700 0# - المدخل الاضافى - اسم شخصى | |
| الإسم الشخصى | محمد صابر عرب |
| الدور | تصدير |
| 942 ## - عناصر المدخل الإضافي( كوها) | |
| مصدر التصنيف او مخطط الترفيف | Dewey Decimal Classification |
| Koha [default] item type | كتاب |
| 260 ## - PUBLICATION, DISTRIBUTION, ETC. (IMPRINT) | |
| -- | القاهرة : |
| -- | مطبعة دار الكتب و الوثائق القومية بالقاهرة ، |
| حالة التراجع | حالة الفقد | حالة تلف | ليس للاعارة | المكان المؤقت | الموقع الحالى | موقع الترفيف | تاريخ الاكتساب | اجمالي اﻻعارات | رقم الطلب | الباركود | تاريخ اخر مشاهدة | تاريخ تفعيل السعر | نوع وعاء كوها |
|---|---|---|---|---|---|---|---|---|---|---|---|---|---|
| مكتبة القاهرة الكبرى | مكتبة القاهرة الكبرى | ق الرئيسية_التاريخ والجغرافيا_ك عربى | 09/04/2022 | 915.31\ م ر | 168390 | 09/04/2022 | 09/04/2022 | كتاب |

